Beginning DirectX 9 (Record no. 65743)
[ view plain ]
| 000 -LEADER | |
|---|---|
| fixed length control field | 01048nam a2200289Ia 4500 |
| 082 04 - DEWEY DECIMAL CLASSIFICATION NUMBER | |
| Classification number | 794.8/1526 |
| 100 1# - MAIN ENTRY--AUTHOR NAME | |
| Personal name | Jones, Wendy. |
| 245 10 - TITLE STATEMENT | |
| Title | Beginning DirectX 9 |
| 260 ## - PUBLICATION, DISTRIBUTION, ETC. (IMPRINT) | |
| Place of publication | Boston : |
| Name of publisher | Course PTR, a division of Course Technology, |
| Year of publication | c2004. |
| 300 ## - PHYSICAL DESCRIPTION | |
| Number of Pages | xvi, 352 p. |
| 500 ## - GENERAL NOTE | |
| General note | Includes index. |
| 650 #0 - SUBJECT ADDED ENTRY--TOPICAL TERM | |
| Topical Term | Multimedia systems. |
| 856 40 - ELECTRONIC LOCATION AND ACCESS | |
| Uniform Resource Identifier | http://site.ebrary.com/lib/rucke/Doc?id=10053621 |
No items available.
